| 000 | 00965nam a2200277Ia 4500 | ||
|---|---|---|---|
| 003 | OSt | ||
| 005 | 20221005104551.0 | ||
| 006 | a|||||r|||| 00| 0 | ||
| 007 | ta | ||
| 008 | 221004b |||||||| |||| 00| 0 hin d | ||
| 020 |
_a8170282756 (hbk) _cIndian Rupees 150 |
||
| 024 | _a38844 | ||
| 037 |
_bGift, 27/08/2018, _cTextual |
||
| 040 |
_aCRL _cCRL _bhin |
||
| 041 |
_2hin _ahin |
||
| 082 | _aO152,3(Q224):g, P1 | ||
| 100 | _aत्रिपाठी, रमानाथ, ले. | ||
| 245 | 0 | _aरामगाथा | |
| 246 | _aRāmagāthā | ||
| 260 |
_aदिल्ली _bराजपाल एण्ड सन्ज़ भारत _c2001 |
||
| 300 |
_a215पृ0 _ccm. |
||
| 650 | _a हिन्दी साहित्य | ||
| 650 | _aहिन्दी कहानी | ||
| 942 |
_hO152,3(Q224):g, P1 _cTEXL _2cc |
||
| 999 |
_c1013118 _d1013118 |
||